A hedonic housing model for stigma assessment: the case of a remediated contaminated site in Perth, WA (Record no. 63422)
[ view plain ]
| 000 -LEADER | |
|---|---|
| fixed length control field | 01454cam a2200229 4500 |
| 001 - CONTROL NUMBER | |
| control field | ABS62195 |
| 008 - FIXED-LENGTH DATA ELEMENTS--GENERAL INFORMATION | |
| fixed length control field | 000000n2000 000 0 eng u |
| 035 ## - SYSTEM CONTROL NUMBER | |
| System control number | (Sirsi) u105913 |
| 100 ## - MAIN ENTRY--PERSONAL NAME | |
| Personal name | Bond, S. |
| 245 #2 - TITLE STATEMENT | |
| Title | A hedonic housing model for stigma assessment: the case of a remediated contaminated site in Perth, WA |
| 260 ## - PUBLICATION, DISTRIBUTION, ETC. | |
| Date of publication, distribution, etc. | 2000 |
| 490 ## - SERIES STATEMENT | |
| Series statement | New Zealand Valuers' Journal |
| Volume/sequential designation | March 2000, 4-13(10) |
| 520 ## - SUMMARY, ETC. | |
| Summary, etc. | Stigma associated with remediated contaminated land is the blighting effect on property values caused by perceived risk and uncertainty - such factors as an inability to effect a total 'cure', risk of failure of the remediation method, risk of changes in legislation or clean up standards, difficulty in obtaining finance or just fear of the unknown. Summarises initial results from a study of market sales data of post-remediated residential land in Western Australia. This ongoing research is attempting to estimate the amount of stigma arising from a site's contamination history and measure the effect on residential property values. Findings show that although there is a negative effect, this can be offset by the positive influence of additional amenities in the neighbourhood. Includes literature review and references. |
| 590 ## - LOCAL NOTE (RLIN) | |
| Local note | ABS |
| 650 ## - SUBJECT ADDED ENTRY--TOPICAL TERM | |
| Topical term or geographic name entry element | CONTAMINATED LAND |
| 650 ## - SUBJECT ADDED ENTRY--TOPICAL TERM | |
| Topical term or geographic name entry element | PROPERTY VALUES |
| 650 ## - SUBJECT ADDED ENTRY--TOPICAL TERM | |
| Topical term or geographic name entry element | RESEARCH |
| 650 ## - SUBJECT ADDED ENTRY--TOPICAL TERM | |
| Topical term or geographic name entry element | VALUE |
| 650 ## - SUBJECT ADDED ENTRY--TOPICAL TERM | |
| Topical term or geographic name entry element | STIGMA |
| 690 ## - LOCAL SUBJECT ADDED ENTRY--TOPICAL TERM (OCLC, RLIN) | |
| Topical term or geographic name as entry element | ENVIRONMENT-CONTAMINATION |
| 942 ## - ADDED ENTRY ELEMENTS (KOHA) | |
| Suppress in OPAC | 0 |
| Withdrawn status | Lost status | Source of classification or shelving scheme | Damaged status | Not for loan | Home library | Current library | Shelving location | Date acquired | Total Checkouts | Full call number | Barcode | Date last seen | Copy number | Price effective from | Koha item type |
|---|---|---|---|---|---|---|---|---|---|---|---|---|---|---|---|
| Dewey Decimal Classification | London | London | Journal article | 09/05/2000 | ABS62195 | 105913-1001 | 06/08/2019 | 1 | 06/08/2019 | Journal article |